000 00224nam a22000857a 4500
008 160712b xxu||||| |||| 00| 0 eng d
100 _92657
_a Getz, G.A
245 _aThe Measure of a Man
260 _aCali
_b A Division of G/L
_c1979
999 _c2310
_d2310